Most Streamed 2Pac Songs in Spotify - Statistics

General Stats
  • This quiz has been taken 60 times
  • The average score is 10 of 15
Answer Stats
Streams Name % Correct
733,385,357 California Love
100%
606,109,617 Hit 'Em Up
87%
532,623,524 Changes
81%
587,654,393 All Eyez On Me
74%
308,590,715 Dear Mama
74%
333,960,444 Hail Mary
74%
738,117,669 Ambitionz Az A Ridah
68%
320,943,629 Do For Love
64%
286,995,598 Keep Ya Head Up
64%
245,581,169 2 Of Amerikaz Most Wanted
62%
160,345,370 Can't C Me
51%
257,506,801 Ghetto Gospel
47%
188,323,056 How Do U Want It
45%
234,926,724 I Get Around
45%
195,965,712 Only God Can Judge Me
23%
No matching quizzes found
Score Distribution
Percent of People with Each Score
Percentile by Number Answered
Your Score History
You have not taken this quiz